=LDR 00000nam 2200000 4500 =001 NUTBA000000000003906 =005 20140828155633.0 =006 =007 =008 =020 ##$$a 978-602-9003-87-9 =035 ##$$a 0010-081400000000751 =040 ##$$a NBPDMAT =090 ##$$a 649.4 $b Fra s =100 ##$$a Fransiska Sri Susanti =245 ##$$a 132 Jawaban dokter untuk perawatan dan perkembangan bayi ( 0 - 12 bulan )/ $c dr. Fransiska Sri Susanti; penyunting , Juliagan RN =260 ##$$a Jakarta : $b Anak Kita, $c 2013 =300 ##$$a iv, 116 hlm. : $b ilus. ; $c 23 cm. =650 ##$$a Bayi - Pemeliharaan dan Kesehatan =700 ##$$a Juliagan RN =850 ##$$a NBPDMAT =990 ##$$a 21408167